Advanced stochastic models, risk assessment, and portfolio optimization : the ideal risk, uncertainty, and performance measures

Guardado en:
Detalles Bibliográficos
Autor principal:  Rachev, Svetlozar T
Formato: Sách
Lenguaje:Undetermined
Publicado:  Wiley  2008
Materias:
Etiquetas: Agregar Etiqueta
Sin Etiquetas, Sea el primero en etiquetar este registro!
Thư viện lưu trữ: Trung tâm Thư viện - Trường Đại học Công nghiệp TP. Hồ Chí Minh
LEADER 00563nam a2200157Ia 4500
001 UIH_07202
008 231011s9999 xx 000 0 und d
082 |a  332.6 
100 |a  Rachev, Svetlozar T 
245 0 |a  Advanced stochastic models, risk assessment, and portfolio optimization : the ideal risk, uncertainty, and performance measures 
245 0 |c  Rachev, Svetlozar T 
260 |b  Wiley 
260 |c  2008 
650 |a  Đầu tư;  
927 |a Sách 
980 |a Trung tâm Thư viện - Trường Đại học Công nghiệp TP. Hồ Chí Minh